[Event "CZE-chT2E 1516"]
[Site "Czech Republic"]
[Date "2016.01.10"]
[Round "5.7"]
[White "Tesar, Jan"]
[Black "Ruzicka, Marek"]
[Result "1/2-1/2"]
[WhiteElo "2078"]
[BlackElo "1917"]
[PlyCount "52"]
[EventDate "2015.10.18"]
[EventType "team-tourn"]
[EventRounds "11"]
[EventCountry "CZE"]
[SourceTitle "EXT 2022"]
[Source "ChessBase"]
[SourceDate "2021.10.06"]
[SourceVersion "1"]
[SourceVersionDate "2021.10.06"]
[SourceQuality "1"]
[WhiteTeam "Dalesice Pivovar"]
[BlackTeam "Grygov II"]
[WhiteTeamCountry "CZE"]
[BlackTeamCountry "CZE"]

1. d4 d5 2. Nf3 Nf6 3. e3 e6 4. Bd3 c5 5. b3 Nc6 6. a3 b6 7. 0-0 Be7 8. Bb2 0-0 9. Nbd2 Bb7 10. Ne5 Rc8 11. Qe2 Qc7 12. f4 g6 13. g4 Nxe5 14. dxe5 Ne4 15. f5 Nxd2 16. Qxd2 c4 17. f6 cxd3 18. fxe7 Qxe7 19. cxd3 Qg5 20. Rf4 Rc7 21. Rc1 Rfc8 22. Rxc7 Rxc7 23. h3 Qh4 24. Kh2 Qd8 25. Rf2 Ba6 26. a4 Qe7 1/2-1/2

[Event "Olomouc op 18th"]
[Site "Olomouc"]
[Date "2015.08.15"]
[Round "1"]
[White "Ruzicka, Marek"]
[Black "Straka, Vojtech"]
[Result "1/2-1/2"]
[WhiteElo "1921"]
[BlackElo "2322"]
[PlyCount "93"]
[EventDate "2015.08.15"]
[EventType "swiss"]
[EventRounds "9"]
[EventCountry "CZE"]
[SourceTitle "EXT 2016"]
[Source "ChessBase"]
[SourceDate "2015.10.08"]
[SourceVersion "1"]
[SourceVersionDate "2015.10.08"]
[SourceQuality "1"]

1. e4 c5 2. Nf3 g6 3. d4 cxd4 4. Nxd4 Nc6 5. Be3 Nf6 6. Nc3 Bg7 7. Be2 0-0 8. Qd2 d5 9. exd5 Nxd5 10. Nxc6 bxc6 11. Bd4 Bxd4 12. Qxd4 Qa5 13. Qa4 Qc5 14. Nxd5 cxd5 15. 0-0 Rb8 16. b3 e5 17. c3 Be6 18. Rac1 Rfc8 19. h3 Rc7 20. Rfd1 Rbc8 21. Ba6 Rd8 22. Bf1 Kg7 23. Qb5 Qe7 24. Qe2 Qg5 25. Qe3 Qxe3 26. fxe3 Rdc8 27. Ba6 Rb8 28. Rd2 Rb6 29. Bd3 f5 30. Rdc2 Kf6 31. c4 dxc4 32. Bxc4 Rbc6 33. Bd3 Rxc2 34. Rxc2 Rxc2 35. Bxc2 Ke7 36. h4 Kd6 37. Kf2 Kc5 38. a3 a5 39. g3 h6 40. Bd1 g5 41. hxg5 hxg5 42. Bc2 f4 43. gxf4 exf4 44. exf4 gxf4 45. Kf3 Kd4 46. Kxf4 Kc3 47. b4 1/2-1/2

[Event "Olomouc op"]
[Site "Olomouc"]
[Date "2012.08.02"]
[Round "1"]
[White "Ruzicka, Marek"]
[Black "Dolezal, Radoslav"]
[Result "0-1"]
[WhiteElo "1881"]
[BlackElo "2374"]
[PlyCount "70"]
[EventDate "2012.08.02"]
[EventType "swiss"]
[EventRounds "9"]
[EventCountry "CZE"]
[SourceTitle "CBM 149 Extra"]
[Source "ChessBase"]
[SourceDate "2012.08.24"]
[SourceVersion "1"]
[SourceVersionDate "2012.08.24"]
[SourceQuality "1"]

1. e4 c6 2. d4 d5 3. f3 e6 4. g3 Nf6 5. e5 Nfd7 6. c3 c5 7. Be3 Qb6 8. Qb3 c4 9. Qxb6 axb6 10. Nd2 b5 11. b4 cxb3 12. Nxb3 b4 13. c4 Nb6 14. c5 Nc4 15. Bd2 Nc6 16. Bd3 Be7 17. f4 0-0 18. Nf3 b6 19. cxb6 Ba6 20. Ke2 Rfb8 21. Rhc1 Rxb6 22. Be3 h6 23. h4 h5 24. Nfd2 Nb2 25. Bxa6 Rbxa6 26. Rc2 Na4 27. Nb1 Bf8 28. Bd2 Na7 29. Ke3 Nb5 30. Kd3 Kh7 31. Be1 Kg6 32. Ke3 Nb6 33. N1d2 Na3 34. Rc7 Nac4+ 35. Nxc4 dxc4 0-1